01157nam a22002057a 450000500170000000800410001702000180005804000070007604100120008308200200009510000210011524500710013626000450020730000300025236500600028252005210034265000210086365000440088470000230092820220217093439.0220217b ||||| |||| 00| 0 eng d a9789388241090 cAL aEnglish 223a158.1bSTOS aW.Clement Stones aSuccess system that never fails:Experience the true riches of life aNew DelhibManjul Publishing Housec2018 axiv,248 p.bPBc21x14 cm. aBLCR-000122b₹239.20c₹d₹299.00e20%f15-02-2022 aWould you like to be more successful? What do you want most in life? Recognition? Money? Health? Happiness? Prestige? Love? All of these things and more can be yours if you will follow a few simple rules and put to work the easy to follow principles in this book. Within these pages, it is proven that success can be reduced to a formula...to a system that NEVER fails. In your hands lies the golden key to a glittering future and the true riches of life. Now is the time to unlock the powerful potential within you! aSelf-realization aSelf-actualization (Psychology) Success aSTONES (W CLEMENT)